000 01041nam0a22002891 4500
001 rc\2815873
005 20260409062848.0
035 _a(NLR Aleph) 006941614
090 _a7643746
_c7643746
100 _a20110915d1945 u y0rusy50 ca
101 0 _arus
102 _aRU
105 _ac z |||||
200 1 _aДоклад о проекте Конституции Союза ССР
210 _aВологда
_cВологод. обл. ком. ВКП(б)
_d1945
215 _a36 с.
_cпортр.
_d20 см.
700 1 _aСталин
_bИ.В.
_gИосиф Виссарионович
712 0 1 _4570
_aСССР
_bСъезд Советов
_d8 (чрезвычайный)
_f1936
_3RU\NLR\AUTH\8810218419
_9322463
742 1 _aСССР
_tКонституция
_f1936
_3RU\NLR\AUTH\8810166668
_9829265
801 0 _aRU
_bNLR
_gpsbo
801 1 _aRU
_bELAR
_2rusmarc
852 _aNLR
_jС 1-36/2-105
942 _cBOOK
945 _aРоссийская национальная библиотека
980 _aNB
980 _aBV